00875nabaa22001937a 4500999001500000003000400015005001700019008004100036040000700077100003700084245014200121300001300263505012300276505008900399650003200488653002200520773012600542942001300668 c6135d6135OSt20260122224252.0190701b xxu||||| |||| 00| 0 spa d cPJ 96895aDaroca, Mauricio Emiliano 13aLa apropiación privada de los bienes del Estado y la urgente necesidad de la defensa del dominio público /cMauricio Emiliano Daroca. ap. 37-45 aSumario: I. Introducción.— II. La anomia con relación a la tutela de los bienes del Estado.— III. Conclusiones t¿Te interesa el texto completo? Comunicate al correo: koha@justierradelfuego.gov.ar 09211aDERECHO ADMINISTRATIVO aBIENES DEL ESTADO0 0284293251dBuenos Aires : AbeledoPerrot, 2012-oDA121tDerecho administrativo. Nº 149 septiembre/octubre 2023z18510590 2udccANA